<?xml version="1.0" encoding="UTF-8"?>
<record
    xmlns:xsi="http://www.w3.org/2001/XMLSchema-instance"
    xsi:schemaLocation="http://www.loc.gov/MARC21/slim http://www.loc.gov/standards/marcxml/schema/MARC21slim.xsd"
    xmlns="http://www.loc.gov/MARC21/slim">

  <leader>00529njm a2200181 i 4500</leader>
  <controlfield tag="001">C2-0218225</controlfield>
  <controlfield tag="003">PPAK</controlfield>
  <controlfield tag="005">20180729152112.0</controlfield>
  <controlfield tag="008">990722s1990    my |||| |||||  |    may d</controlfield>
  <datafield tag="040" ind1=" " ind2=" ">
    <subfield code="a">PPAK</subfield>
    <subfield code="b">eng</subfield>
    <subfield code="c">PPAK</subfield>
    <subfield code="e">rda</subfield>
  </datafield>
  <datafield tag="245" ind1="0" ind2="0">
    <subfield code="a">Nostalgia Alor Setar 250 tahun</subfield>
  </datafield>
  <datafield tag="264" ind1=" " ind2="1">
    <subfield code="a">Alor Setar, Kedah : </subfield>
    <subfield code="b">Perbadanan Perpustakaan Awam Kedah , </subfield>
    <subfield code="c">1990</subfield>
  </datafield>
  <datafield tag="336" ind1=" " ind2=" ">
    <subfield code="2">rdacontent</subfield>
    <subfield code="a">text</subfield>
  </datafield>
  <datafield tag="337" ind1=" " ind2=" ">
    <subfield code="2">rdamedia</subfield>
    <subfield code="a">unmediated</subfield>
  </datafield>
  <datafield tag="338" ind1=" " ind2=" ">
    <subfield code="2">rdacarrier</subfield>
    <subfield code="a">volume</subfield>
  </datafield>
  <datafield tag="500" ind1=" " ind2=" ">
    <subfield code="a">Dirakam pada 22/3/90 ; Tiada transkripsi</subfield>
  </datafield>
  <datafield tag="942" ind1=" " ind2=" ">
    <subfield code="d">dc</subfield>
    <subfield code="c">B</subfield>
  </datafield>
  <datafield tag="999" ind1=" " ind2=" ">
    <subfield code="c">163136</subfield>
    <subfield code="d">163136</subfield>
  </datafield>
  <datafield tag="952" ind1=" " ind2=" ">
    <subfield code="0">0</subfield>
    <subfield code="1">0</subfield>
    <subfield code="2">ddc</subfield>
    <subfield code="4">0</subfield>
    <subfield code="7">1</subfield>
    <subfield code="b">PPAK</subfield>
    <subfield code="c">KK</subfield>
    <subfield code="d">1999-07-22</subfield>
    <subfield code="o">PK 165/90 ; 166/90</subfield>
    <subfield code="p">A00153905</subfield>
    <subfield code="r">2018-07-05 00:00:00</subfield>
    <subfield code="y">KST</subfield>
  </datafield>
  <datafield tag="952" ind1=" " ind2=" ">
    <subfield code="0">0</subfield>
    <subfield code="1">0</subfield>
    <subfield code="2">ddc</subfield>
    <subfield code="4">0</subfield>
    <subfield code="7">1</subfield>
    <subfield code="b">PPAK</subfield>
    <subfield code="c">KK</subfield>
    <subfield code="d">1999-07-22</subfield>
    <subfield code="o">PK 165/90 ; 166/90</subfield>
    <subfield code="p">A00153906</subfield>
    <subfield code="r">2018-07-05 00:00:00</subfield>
    <subfield code="y">KST</subfield>
  </datafield>
</record>
